• 首页
  • 本馆介绍
  • 公告通知
  • 最新文献
  • 馆藏检索
  • 电子资源
  • 读者导购
  • 参考咨询
  • 我的图书馆
  • 登录
  • 详细信息显示
  • 放入我的书架
  • 预约/预借图书
  • 作者相关作品
  • 分类相关作品
  • 丛书相关作品
  • 出版社相关作品

书目信息

  • 表格格式
  • 工作单格式
  • 卡片格式
题名:
北极航道法律地位研究
    
 
作者: 王泽林 著
分册:  
出版信息: 上海   上海交通大学出版社  2014
页数: 412页
开本: 23cm
丛书名: 海洋法政文库
单 册:
中图分类: D993.5
科图分类:
主题词: 北极--海洋法--研究 , 北极 , 海洋法
电子资源:
ISBN: 978-7-313-10334-5
000 01172oam2 2200301 450
001 523
005 20140908110721.70
010    @a978-7-313-10334-5@dCNY63.00
100    @a20140422d2014 em y0chiy50 ea
101 0  @achi
102    @aCN@b310000
105    @ab z 000yy
106    @ar
200 1  @a北极航道法律地位研究@ABei Ji Hang Dao Fa Lu^ Di Wei Yan Jiu@dResearch on the legal status of arctic passage@f王泽林著@FWang Ze Lin Zhu@zeng
210    @a上海@c上海交通大学出版社@d2014
215    @a412页@c地图@d23cm
225 2  @a海洋法政文库
300    @a国家海洋局国际合作司和中国极地研究中心联合项目 “加拿大西北通道法律政策研究”南北极环境综合考察与评估专项 中国博士后科学基金资助项目 西北政法大学“国际法前沿问题研究”青年学术创新团队项目
330    @a本书依据国际法特别是国际海洋法展开分析,对北极航道法律地位进行了系统与客观的研究。
461  0 @12001 @a海洋法政文库
510 1  @aResearch on the legal status of arctic passage@zeng
606 0  @a北极@x海洋法@x研究
606 0  @a北极
606 0  @a海洋法
690    @aD993.5@v5
701  0 @a王泽林@AWang Ze Lin@f(1973~)@4著
801  0 @aCN@bTANGWEI@c20140603
905    @b0838333-35@dD993.5@e108@f3
    
    北极航道法律地位研究=Research on the legal status of arctic passage/王泽林著.-上海:上海交通大学出版社,2014
    412页:地图;23cm.-(海洋法政文库)
    国家海洋局国际合作司和中国极地研究中心联合项目 “加拿大西北通道法律政策研究”南北极环境综合考察与评估专项 中国博士后科学基金资助项目 西北政法大学“国际法前沿问题研究”青年学术创新团队项目
    
    ISBN 978-7-313-10334-5:CNY63.00
    本书依据国际法特别是国际海洋法展开分析,对北极航道法律地位进行了系统与客观的研究。
●
相关链接 在E读中查询图书 在五车中查询图书 在当当中查询图书 在豆瓣中查询图书


正题名:北极航道法律地位研究     索取号:D993.5/108         预约/预借

序号 登录号 条形码 馆藏地/架位号 状态 备注
1 0838333   208383337   第一样本阅览室/ [索取号:D993.5/108] 在馆    
2 0838334   208383346   第一借阅区/ [索取号:D993.5/108] 在馆    
3 0838335   208383355   密集书库-史法系/ [索取号:D993.5/108] 在馆    
唐山师范学院图书馆 欢迎您!
大连网信软件有限公司© 版权所有